|
|
|
|
| LEADER |
00757nnm a2200205 i 4500 |
| 001 |
eta4015 |
| 005 |
20201204103231.0 |
| 008 |
201204s2012 hu o 0|| hun d |
| 040 |
|
|
|a SZTE Elektronikus Tananyag Archívum
|b hun
|
| 041 |
|
|
|a hun
|
| 100 |
1 |
|
|a Ajtai Tibor
|
| 245 |
1 |
3 |
|a Az aeroszolok sötét oldala
|h [elektronikus dokumentum] :
|b nem csak a méret számít /
|c Ajtai Tibor
|
| 260 |
|
|
|c 2012
|
| 300 |
|
|
|a 19
|
| 516 |
|
|
|a Presentation
|
| 650 |
|
4 |
|a Természettudományok
|
| 650 |
|
4 |
|a Fizikai tudományok
|
| 695 |
|
|
|a aeroszol
|
| 711 |
|
|
|a SZTE TTIK Optikai és Kvantumelektronikai Tanszék Környezettudományi Nyári Iskola
|c Aggtelek, Magyarország
|d 2012. 07. 10.
|
| 856 |
4 |
0 |
|u https://eta.bibl.u-szeged.hu/4015/1/2010-0012_37_01.pdf
|z Dokumentum-elérés
|